Producción, transporte y almacenaje en el agro argentino (Registro nro. 25513)

Detalles MARC
000 -LEADER
fixed length control field 00342 a2200109 4500
001 - CONTROL NUMBER
control field ART_11376
005 - DATE AND TIME OF LATEST TRANSACTION
control field 20260410161856.0
008 - FIXED-LENGTH DATA ELEMENTS--GENERAL INFORMATION
fixed length control field 260409a
100 1# - MAIN ENTRY--PERSONAL NAME
Personal name Visintini, Alfredo
245 10 - TITLE STATEMENT
Title Producción, transporte y almacenaje en el agro argentino
773 0# - HOST ITEM ENTRY
Title Revista de Economía
Related parts - Nº 79 (oct./dic. 1995)
Record control number REV11077

No hay ítems disponibles.